Normal view
MARC view
Entry Topical Term
001 - CONTROL NUMBER
- control field: 6895
003 - CONTROL NUMBER IDENTIFIER
- control field: OSt
005 - DATE AND TIME OF LATEST TRANSACTION
- control field: 20130213130105.0
008 - FIXED-LENGTH DATA ELEMENTS
- fixed length control field: 130213|||a|||||| | ||| d
040 ## - CATALOGING SOURCE
- Original cataloging agency: OSt
- Transcribing agency: OSt
150 ## - HEADING--TOPICAL TERM
- Topical term or geographic name as entry element: Lindley & Banks on Partnership
670 ## - SOURCE DATA FOUND
- Source citation: Work cat.: (OSt): Banks, Roderick I'Anson 6893, Lindley & Banks on Partnership / , 2010
